000 00292nam a22001337a 4500
999 _c5385
_d5383
005 20210907104239.0
008 170401b xxu||||| |||| 00| 0 eng d
041 _aeng
100 _aSONI,H P
_96907
245 _aWINNING AND WORKING
300 _a354
650 _aMINNING
_96908
942 _cBK